| 000 | 00505nam a2200193 i 4500 | ||
|---|---|---|---|
| 001 | bg | ||
| 100 | 1 | _aBURNHAM, W.D. | |
| 245 | 0 |
_aProlog programming and applications / _cW.D. Burnham, A.R. Hall. |
|
| 260 |
_aLondon, _c1985. |
||
| 490 | 1 | _aMacmillan Computer Science Series | |
| 630 | 0 | 9 | _aProlog |
| 700 | 1 | _aHALL, A.R. | |
| 830 | _aMacmillan Computer Science Series | ||
| 040 | _cBPK | ||
| 041 | _apol | ||
| 080 | _a519.68:681.3.06 | ||
| 942 | _cKS | ||
| 008 | s pl f |000 0 pol | ||
| 999 |
_c23445 _d23445 |
||
| 856 |
_uhttp://koha.tu.koszalin.pl/cgi-bin/koha/opac-detail.pl?biblionumber=23445 _yKatalog online BPK |
||